00497 2200181 4500001002100000005001500021035002000036007000300056008004100059020001800100082000800118084001400126100001800140245006300158260003900221300004300260650001200303INLIS00000000000008720231003081408 a0010-1023000023ta231003 g 0 ind  a979-775-159-7 a635 a635 GAL v0 aGaluh Iritani1 aVegetable Gardening :bMenanam Sayuran di Pekarangan Rumah aYogyakarta :bMonica Ranala,c2012 aiv, 116 hlm, :bilus, ;c19 cm x 26 cm 4aSayuran